Vista normal
Vista MARC
Entrada Personal Name
Número de registros utilizados en: 1
001 - CONTROL NUMBER
- control field: 26317
003 - CONTROL NUMBER IDENTIFIER
- control field: OSt
005 - DATE AND TIME OF LATEST TRANSACTION
- control field: 20230915231159.0
008 - FIXED-LENGTH DATA ELEMENTS
- fixed length control field: 230915|| aca||aabn | a|a d
040 ## - CATALOGING SOURCE
- Original cataloging agency: OSt
- Transcribing agency: OSt
100 ## - HEADING--PERSONAL NAME
- Personal name: Soberón Mainero, Francisco Xavier
670 ## - SOURCE DATA FOUND
- Source citation: Work cat.: (OSt)16894: Soberón Mainero, Francisco Xavier, La Ingeniería genética , la nueva biotecnología y la era genómica - Ciencia para todos, Fondo de cultura económica